European Monument Picture Quiz - Statistics

General Stats
  • This quiz has been taken 162 times
  • The average score is 12 of 18
Answer Stats
Picture Answer % Correct
Eiffel Tower
99%
Big Ben
98%
Colosseum
97%
Stonehenge
90%
{Red} Square
76%
Arc de Triomphe
74%
Parthenon
74%
Brandenburg Gate
68%
{St. Peters} Basilica
68%
Little Mermaid
66%
Sagrada Familia
65%
Versailles
51%
{Guggenheim} Museum
49%
The Shard
49%
Parliament of {Budapest}
39%
{St. Mark's} Square
37%
Atomium
34%
Hermitage
26%
No matching quizzes found
Score Distribution
Percent of People with Each Score
Percentile by Number Answered
Your Score History
You have not taken this quiz